Maiores Cidades de Santa Catarina - Statistics

Estatísticas Gerais
  • Esse quiz foi jogado 2 877 vezes
  • A pontuação média é 15 de 25
Respostas no mapa
Respostas codificadas por cores de uma escala verde-vermelha no mapa do quiz de acordo com a % correta abaixo.
 
Estatísticas das Respostas
População Cidade % Correto
489.550 Florianópolis
98%
577.430 Joinville
92%
145.800 Balneário Camboriú
89%
205.200 Chapecó
87%
345.180 Blumenau
85%
214.280 Criciúma
81%
211.040 Itajaí
75%
96.420 Tubarão
69%
247.210 São José
68%
154.550 Lages
67%
133.150 Brusque
62%
172.690 Palhoça
61%
80.830 Camboriú
57%
168.110 Jaraguá do Sul
56%
65.660 Itapema
54%
79.270 Navegantes
47%
60.100 Concórdia
41%
62.980 Biguaçu
38%
66.810 Rio do Sul
38%
72.250 Caçador
36%
56.750 Araranguá
34%
68.410 Indaial
33%
57.540 Gaspar
32%
81.350 São Bento do Sul
29%
64.420 Içara
23%
Nenhum quiz correspondente encontrado
Distribuição das Pontuações
Porcentagem de Pessoas com Cada Pontuação
Percentil de Números Respondidos
Sua Pontuação Histórica
Você não jogou esse quiz